| 000 | 03121nam a2200721 a 4500 | ||
|---|---|---|---|
| 001 | 21086 | ||
| 003 | VRT | ||
| 005 | 20260212150658.0 | ||
| 008 | 210928s1977 xo oa 0 00m slo | ||
| 015 | _aSNBA1977 | ||
| 035 | _aSNK000048968 | ||
| 039 | 9 |
_a202109281438 _bVLOAD _c202109161734 _dVLOAD _c201808071324 _dAUTHORITY _c201605171516 _dVLOAD |
|
| 040 |
_aSNK _bslo _cSNK _eAACR2 |
||
| 041 | 0 | _aslo | |
| 044 |
_axo _cSK |
||
| 080 |
_a821.162.4-3:943.76"08" _22001 |
||
| 080 |
_a94(437.6)"08" _22001 |
||
| 080 |
_a821.162.4-3 _22001 |
||
| 245 | 0 | 0 |
_aVeľkomoravské legendy a povesti _cZostavil, preložil, štúdiu a poznámky napísal Peter Ratkoš ; úvod Eugen Pauliny ; návrh Emil Bačík ; prebal a väzba Igor Imro ; grafická úprava Zlata Maderová |
| 250 | _a1. vyd. | ||
| 260 |
_aBratislava _bTatran _c1977 _eBratislava _fPravda |
||
| 300 |
_a175 s. _bfotogr., ilustr. _c21 cm |
||
| 366 | _e15000 výt. | ||
| 490 | 1 |
_aHviezdoslavova knižnica _vzv. 247 |
|
| 500 | _aPozn. a vysvetl. Ilustr. na front. Text na predsádkach. | ||
| 651 | 7 |
_aVeľká Morava _2SNKPH |
|
| 655 | 7 |
_alegendy _2SNKPH |
|
| 655 | 7 |
_abiografie _2SNKPH |
|
| 655 | 7 |
_apovesti _2SNKPH |
|
| 655 | 7 |
_astaroslovienska literatúra _2SNKPH |
|
| 700 | 1 |
_aRatkoš, Peter, _d1921-1987 _4com _4trl |
|
| 700 | 1 |
_aPauliny, Eugen, _d1912-1983 _4aui |
|
| 700 | 1 |
_aBačík, Emil, _d1929-1999 _4ill |
|
| 700 | 1 |
_aImro, Igor, _d1943- _4bjd _4bdd |
|
| 700 | 1 |
_aMaderová, Zlata _4bkd |
|
| 830 | 0 | _aHviezdoslavova knižnica | |
| 942 |
_2ddc _cKLDO _n0 |
||
| 949 |
_63830001052031 _akurukMSD930/19 _bkuruk2010/F5797 |
||
| 949 |
_63823024594 _akuruktspD 0777 _bkuruktsp2001/024594 |
||
| 949 |
_63823000778 _akuruktspD 0777 _bkuruktsp1994/000778 |
||
| 949 |
_6273K0305757 _asvkpoA 109309 _bsvkpo251893 _rPoškodená väzba |
||
| 949 |
_6270001000101518 _asvkbbA 13066 _bsvkbbm 334917 _p334.917 |
||
| 949 |
_6369701000008051 _aaubbO 5178 _baubbO5178 _pDarca: Stračina, Svetozár |
||
| 949 |
_617A0029955 _9P60, <04>, [BOOK], {604} _asnkSC 42780 D1 |
||
| 949 |
_63830001002522 _akurukZ10/24 |
||
| 949 |
_63830001001430 _akurukSK-7162 |
||
| 949 |
_63830001002523 _akurukZ10/24 |
||
| 949 |
_63830001002521 _akurukZ10/24 |
||
| 949 |
_63694001009430 _akurukLH-39/2 _oKniha vyradená z KF, pozri Zoznam úbytkov 1/2008, č.80; ZC FF _s6722:20071129 |
||
| 949 |
_63822028163 _akuruktkeD-2014 _bkuruktke12/814 |
||
| 949 |
_63869A02065 _abpksh821.162.4-32 _bbpksh281414 |
||
| 949 |
_63830001015993 _akurukZ10/24 |
||
| 949 |
_asnklmMK 503 _bsnklm106/78 |
||
| 949 |
_617A1003557 _asnkSC 42780 |
||
| 949 |
_6270001000100032 _asvkbbA 13066 _bsvkbbm 334919 _p334.919 |
||
| 949 |
_6270001000100033 _asvkbbA 13066 _bsvkbbm 334918 _p334.918 |
||
| 949 |
_6270001000100034 _asvkbbA 13066 _bsvkbbm 334238 _p334.238 |
||
| 949 |
_63822028431 _akuruktkeD-2014 _bkuruktke13/1 _oD2012/Tkáčik, Ján |
||
| 949 |
_63869A18016 _abpksh821.162.4-3 _bbpksh68418 |
||
| 949 |
_63830001137992 _akurukZ10/24 _bkuruk2020/F1081 _oKolník, Titus, PhDr.DrSc./kúpené katedrou histórie FF |
||
| 999 |
_c21086 _d21086 |
||